Porovnanie výdavkov domácností v krajoch Slovenskej republiky

Porovnanie priemerných výdavkov pripadajúcich na jedného člena domácnosti v krajoch SR na základe výberových údajov štatistiky rodinných účtov za rok 2008. Konečným cieľom bolo porovnanie hustôt rozdelenia pravdepodobnosti premennej X vo všetkých krajoch SR, hodnôt dsitribučných funkcií a vybraných...

Descrizione completa

Salvato in:
Dettagli Bibliografici
Autore principale: Pacáková, Viera
Altri autori: Labudová, Viera, 1958-
Natura: Capitolo di libro
Lingua:slovacco
Soggetti:
Tags: Aggiungi Tag
Nessun Tag, puoi essere il primo ad aggiungerne!!

MARC

LEADER 00000nla$a2200000$$$4500
001 0129523
005 20240502083324.1
041 0 |a slo 
044 |a CZ 
245 1 0 |a Porovnanie výdavkov domácností v krajoch Slovenskej republiky  |c Viera Pacáková, Viera Labudová 
520 |a Porovnanie priemerných výdavkov pripadajúcich na jedného člena domácnosti v krajoch SR na základe výberových údajov štatistiky rodinných účtov za rok 2008. Konečným cieľom bolo porovnanie hustôt rozdelenia pravdepodobnosti premennej X vo všetkých krajoch SR, hodnôt dsitribučných funkcií a vybraných percentilov týchto rozdelení. Využité boli testy dobrej zhody. 
610 2 0 |a štatistika 
610 2 0 |a financie 
610 2 0 |a domácnosti 
610 2 0 |a výdavky 
610 2 0 |a výdavky domácností 
610 2 0 |a pravdepodobnosť 
610 2 0 |a kraje 
610 2 0 |a Slovensko 
100 1 |a Pacáková, Viera 
700 1 |a Labudová, Viera, 1958-